书目信息 |
| 题名: |
燃烧理论与污染控制
|
|
| 作者: | 岑可法 , 姚强 , 骆仲泱 , 高翔 编著 | |
| 分册: | ||
| 出版信息: | 北京 机械工业出版社 2019.09 |
|
| 页数: | 371页 | |
| 开本: | 26cm | |
| 丛书名: | 能源革命与绿色发展丛书 | |
| 单 册: | ||
| 中图分类: | O643.2 , X510.5 | |
| 科图分类: | ||
| 主题词: | 燃烧理论--ran shao li lun--高等学校--教材 , 燃烧--ran shao--空气污染控制--高等学校--教材 | |
| 电子资源: | ||
| ISBN: | 978-7-111-62944-3 | |
| 000 | 01602nam 2200361 450 | |
| 001 | 2056414598 | |
| 005 | 20201105154023.66 | |
| 010 | @a978-7-111-62944-3@dCNY59.80 | |
| 100 | @a20191124d2019 em y0chiy50 ea | |
| 101 | 0 | @achi |
| 102 | @aCN@b110000 | |
| 105 | @ay a 000yy | |
| 200 | 1 | @a燃烧理论与污染控制@Aran shao li lun yu wu ran kong zhi@f岑可法 ... [等] 编著 |
| 205 | @a第2版 | |
| 210 | @a北京@c机械工业出版社@d2019.09 | |
| 215 | @a371页@d26cm | |
| 225 | 2 | @a能源革命与绿色发展丛书@Aneng yuan ge ming yu lv se fa zhan cong shu |
| 300 | @a“十三五”国家重点出版物出版规划项目 | |
| 304 | @a题名页题其余责任者: 姚强, 骆仲泱, 高翔 | |
| 320 | @a有书目 (第371页) | |
| 330 | @a本书是根据高等学校能源动力领域人才培养的要求来编写的。污染控制是燃烧理论发展的一个重要方面, 本书在传统燃烧理论的基础上着重增加了这方面的内容, 以供各个学校在教学中选择。本书共分分10章, 前7章主要讨论燃烧学的基础理论、着火、火焰传播、湍流燃烧、液体燃料和固体燃料的燃烧等内容, 第8章和第9章主要介绍了燃烧过程产生的主要污染物SO2、NOx、颗粒物和重金属的形成及控制理论, 第10章主要介绍了最近发展较快的一些燃烧技术的新进展。 | |
| 333 | @a普通高等教育“十一五”国家级规划教材 | |
| 410 | 0 | @12001 @a能源革命与绿色发展丛书 |
| 606 | 0 | @a燃烧理论@Aran shao li lun@x高等学校@j教材 |
| 606 | 0 | @a燃烧@Aran shao@x空气污染控制@x高等学校@j教材 |
| 690 | @aO643.2@v5 | |
| 690 | @aX510.5@v5 | |
| 701 | 0 | @a岑可法@Acen ke fa@4编著 |
| 701 | 0 | @a姚强@Ayao qiang@4编著 |
| 701 | 0 | @a骆仲泱@Aluo zhong yang@4编著 |
| 701 | 0 | @a高翔@Agao xiang@4编著 |
| 801 | 0 | @aCN@b人天书店@c20201005 |
| 905 | @aZUCC@dO643.2@eC181 | |
| 燃烧理论与污染控制/岑可法 ... [等] 编著.-第2版.-北京:机械工业出版社,2019.09 |
| 371页;26cm.-(能源革命与绿色发展丛书) |
| “十三五”国家重点出版物出版规划项目.-使用对象:普通高等教育“十一五”国家级规划教材 |
| ISBN 978-7-111-62944-3:CNY59.80 |
| 本书是根据高等学校能源动力领域人才培养的要求来编写的。污染控制是燃烧理论发展的一个重要方面, 本书在传统燃烧理论的基础上着重增加了这方面的内容, 以供各个学校在教学中选择。本书共分分10章, 前7章主要讨论燃烧学的基础理论、着火、火焰传播、湍流燃烧、液体燃料和固体燃料的燃烧等内容, 第8章和第9章主要介绍了燃烧过程产生的主要污染物SO2、NOx、颗粒物和重金属的形成及控制理论, 第10章主要介绍了最近发展较快的一些燃烧技术的新进展。 |
| ● |
| 相关链接 |
|
|
|
正题名:燃烧理论与污染控制
索取号:O643.2/C181
 
预约/预借
| 序号 | 登录号 | 条形码 | 馆藏地/架位号 | 状态 | 备注 |
| 1 | 1479711 | 214797111 | 自科库401/401自科库 64排5列3层/ [索取号:O643.2/C181] | 在馆 | |
| 2 | 1479731 | 214797317 | 自科库401/401自科库 64排5列3层/ [索取号:O643.2/C181] | 在馆 |